000
00311nam a2200109Ia 4500
008
171211s9999 xx 000 0 und d
245
_a
Sex, or the Unbearable (Theory Q)
245
_c
Lauren Berlant, Lee Edelman
260
_c
2014
650
_x
Sexuality
856
_u
http://down.ebook777.com/060/0060085126.pdf
999
_c
350656
_d
350656